000 00730nam a2200241 a 4500
001 000029933
003 DO-SdBNP
005 20240530073920.0
007 ta
008 110427s1998 dr a 000 0 spa d
040 _aDO-SdBNP
_bspa
_cBNPHU
082 4 _aRD863.44
_bM779s
_222
100 1 _aMontes de Oca Vilomar, Tomás
_956676
245 1 0 _aSiquem /
_cTomás Montes de Oca Vilomar.
260 _aSanto Domingo :
_bImpresora Valdez,
_c1998.
300 _a150 p. :
_bil. ;
_c21 cm.
500 _aLa biblioteca posee 5 ejemplares autografiados
590 _aInventariado, 2019/ YL
650 0 _aNovela dominicana
_9223
650 4 _aLiteratura dominicana
910 _aValidado. Control de calidad MFF
942 _2ddc
_cLBS1
999 _c29425
_d29425